00229nam a2200109Ia 4500100002100000654001500021245003200036260002200068082000800090300000900098546001200107 aShreve/R Norris  aIndustries aChemical Process Industries bMcGraw Hillc1956 a661 a1004 aENGLISH